Ecuador True or False? - Statistics

General Stats
  • This quiz has been taken 78 times
  • The average score is 11 of 15
Answer Stats
Question Answer % Correct
There is only 1 international airport in Ecuador False
90%
The equator goes through Ecuador True
90%
Ecuador borders Colombia True
90%
The Galápagos Islands can be found in Ecuador True
90%
Guayaquil is the capital of Ecuador False
80%
Quito has a population of over 3 million False
80%
Ecuador has the 2nd most elevated capital city in the world, and its the closest capital to the equator True
80%
Ecuador is home to a UNESCO World Heritage site True
80%
English is one of Ecuadors official languages False
70%
Ecuador is the closest country to outer space True
70%
Ecuador has 4 climates True
70%
Ecuador's indépendance day in in September False
60%
Ecuador Is More Biodiverse Per Square Kilometer Than Any Other Nation True
60%
Ecuador Was The First Country In The World To Recognize The Rights Of Nature True
50%
The Amazon rainforest runs through Ecuador False
10%
No matching quizzes found
Score Distribution
Percent of People with Each Score
Percentile by Number Answered
Your Score History
You have not taken this quiz